Fußballer des Jahres (Deutschland) - Statistiken

Allgemein
  • Dieses Quiz wurde 240 mal gespielt
    96 seit der letzten Aktualisierung
  • Das Durchschnittsergebnis liegt bei 34 aus 66
Antwortstatistiken
Hint Antwort % Korrekt
Bayern München (1967) Gerd Müller
90%
Bayern München (1969) Gerd Müller
90%
Real Madrid (2018) Toni Kroos
87%
Real Madrid (2024) Toni Kroos
87%
Bayern München (1966) Franz Beckenbauer
80%
Bayern München (1968) Franz Beckenbauer
80%
Bayern München (1974) Franz Beckenbauer
80%
Bayern München (1976) Franz Beckenbauer
80%
Borussia Mönchengladbach (2012) Marco Reus
78%
BVB (2019) Marco Reus
78%
Manchester City (2023) Ilkay Gündogan
77%
FC Schalke 04 (2011) Manuel Neuer
75%
Bayern München (2014) Manuel Neuer
75%
Bayern München (2020) Robert Lewandowski
75%
Bayern München (2021) Robert Lewandowski
75%
HSV (1960) Uwe Seeler
73%
HSV (1964) Uwe Seeler
73%
HSV (1970) Uwe Seeler
73%
Inter Mailand (1990) Lothar Matthäus
66%
Bayern München (1999) Lothar Matthäus
66%
Bayern München (2017) Philipp Lahm
66%
BVB (1995) Matthias Sammer
63%
BVB (1996) Matthias Sammer
63%
Bayern München (2013) Bastian Schweinsteiger
62%
VfB Stuttgart (2007) Mario Gomez
61%
Werder Bremen (2006) Miroslav Klose
59%
Bayern München (2010) Arjen Robben
56%
Bayern München (2008) Franck Ribery
56%
VfL Wolfsburg (2009) Grafite
54%
Borussia Mönchengladbach (1972) Günter Netzer
54%
Borussia Mönchengladbach (1973) Günter Netzer
54%
VfL Wolfsburg (2015) Kevin De Bruyne
54%
Bayer Leverkusen (2002) Michael Ballack
54%
Bayern München (2003) Michael Ballack
54%
Bayern München (2005) Michael Ballack
54%
RB Leipzig (2022) Christopher Nkunku
53%
Bayern München (1981) Karl-Heinz Rummenigge
53%
Bayern München (2000) Oliver Kahn
53%
Bayern München (2001) Oliver Kahn
53%
Werder Bremen (1983) Rudi Völler
51%
Bayern München (2016) Jerome Boateng
49%
Werder Bremen (2004) Ailton
47%
VfB Stuttgart (1988) Jürgen Klinsmann
43%
AS Monaco (1994) Jürgen Klinsmann
43%
Bayern München (1975) Sepp Maier
42%
Bayern München (1977) Sepp Maier
42%
Bayern München (1978) Sepp Maier
42%
Udinese Calcio (1998) Oliver Bierhoff
37%
Borussia Mönchengladbach (1971) Berti Vogts
33%
Borussia Mönchengladbach (1979) Berti Vogts
33%
1. FC Nürnberg (1961) Max Morlock
32%
Bayern München (1980) Paul Breitner
32%
Borussia Mönchengladbach (1987) Uwe Rahn
27%
Bayer Leverkusen (2025) Florian Wirtz
25%
1. FC Köln (1984) Toni Schumacher
20%
1. FC Köln (1986) Toni Schumacher
20%
BVB (1997) Jürgen Kohler
19%
1. FC Kaiserslautern (1991) Stefan Kuntz
16%
1. FC Nürnberg (1993) Andreas Köpke
15%
Hellas Verona (1985) Hans-Peter Briegel
13%
1. FC Köln (1963) Hans Schäfer
11%
1. FC Köln (1989) Thomas Häßler
11%
AS Rom (1992) Thomas Häßler
11%
VfB Stuttgart (1982) Karl-Heinz Förster
10%
1. FC Köln (1962) Karl-Heinz Schnellinger
8%
BVB (1965) Hans Tilkowski
3%
Keine übereinstimmenden Quizze gefunden
Verteilung der Resultate
Anzahl Personen mit jedem Resultat
Perzentil nach korrekt beantworteten Fragen
Ihre Resultats-Entwicklung
Sie haben dieses Quiz seit der letzten Aktualisierung nicht gespielt